000 00468nam a2200181Ia 4500
008 240925s9999 xx 000 0 und d
020 _a9780525436287
082 _a330 KWA
100 _aKwak, James
245 0 _aEconomism: bad economics and the rise of inequality
250 _aNA
260 _aLondon:
_bVintages
_c,2018.
300 _a225p.
_b0
_fOriginal
500 _aIncludes Index
600 _aSocial Sciences
650 _aSocial Sciences
942 _cBK
999 _c17136
_d17136